00262nam a2200109Ia 4500008004100000100002800041245001200069260001300081650003400094942000700128999001700135190216s9999||||xx |||||||||||||| ||und|| aVaikam Muhammed Basheer 0aBasheer bDc Books aMalayalam-Malayalam Criticism cBK c26042d26042